000 00711nam a2200265Ia 4500
005 20260302115018.0
008 008 260114s9999 xx 000 0 eng d
020 _a9781350492141
037 _aTextbook
040 _aCRL
040 _beng
040 _cCRL
041 _2eng
041 _aeng
084 _qCRL
100 _aClaudia Nelson, E Nesbit
_91120437
245 4 _aThe Story of the Treasure Seekers and The Wouldbegoods
260 _bBloomsbury
260 _bBloomsbury Academic
260 _c2017
650 _aLiterary Studies
856 _uhttps://doi.org/10.1007/978-1-137-34116-7?locatt=label:secondary_bloomsburyCollections
942 _cEBOOK
999 _c1684633
_d1684633